Din mica de sistemas / Katsuhiko Ogata (Registro nro. 21884)

Detalles MARC
000 -LÍDER
fixed length control field 00376nam a2200133 4500
008 - ELEMENTOS DE LONGITUD FIJA -- INFORMACIÓN GENERAL
fixed length control field 0 1987 0a 000 0Mex
020 ## - NÚMERO INTERNACIONAL NORMALIZADO PARA LIBROS
ISBN 968-880-074-0
082 ## - NUMERO DE CLASIFICACION DECIMAL DEWEY
Número de Clasificación 620.72 O734d
100 ## - ASIENTO PRINCIPAL--NOMBRE PERSONAL
Nombre personal Ogata, Katsuhiko
245 ## - TÍTULO
Título Din mica de sistemas / Katsuhiko Ogata
260 ## - PUBLICACIÓN, DISTRIBUCIÓN, ETC. (PIE DE IMPRENTA)
Lugar de publicación, distribución, etc. México : Prentice-Hall
300 ## - DESCRIPCIÓN FÍSICA
Extensión 619 p. / 22 cm.
650 ## - ASIENTO SECUNDARIO DE MATERIA - TERMINO TEMÁTICO
Término temático o nombre geográfico como elemento de entrada 1. INGENIERIA DE SISTEMAS
Existencias
No. biblioteca No. biblioteca Número de clasificación Código de barras/Número de adquisición Número de copia Tipo de material
LUIS G. INCLAN LUIS G. INCLAN 620.72 O734d 29499 15 Libros
LUIS G. INCLAN LUIS G. INCLAN 620.72 O734d 29498 14 Libros
LUIS G. INCLAN LUIS G. INCLAN 620.72 O734d 29497 13 Libros
LUIS G. INCLAN LUIS G. INCLAN 620.72 O734d 29496 12 Libros
LUIS G. INCLAN LUIS G. INCLAN 620.72 O734d 29495 11 Libros
LUIS G. INCLAN LUIS G. INCLAN 620.72 O734d 16846 7 Libros
LUIS G. INCLAN LUIS G. INCLAN 620.72 O734d 16844 5 Libros
LUIS G. INCLAN LUIS G. INCLAN 620.72 O734d 13790 4 Libros
LUIS G. INCLAN LUIS G. INCLAN 620.72 O734d 18613 10 Libros
LUIS G. INCLAN LUIS G. INCLAN 620.72 O734d 10305 2 Libros
LUIS G. INCLAN LUIS G. INCLAN 620.72 O734d 10304 1 Libros
Calzada Tecnológico # 27, Zacatepec, Morelos.
01(734) 343-07-23 / 343-21-10 / 343-21-11
Apdo. Postal 45 C.P 62780